| 000 | 00611nam a2200217 u 4500 | ||
|---|---|---|---|
| 005 | 20240228063631.0 | ||
| 008 | 090319s1997 r 000 0 eng d | ||
| 020 | _a8421631500 | ||
| 035 | _aUPN01000169969 | ||
| 049 | _aI | ||
| 050 | 4 |
_aPZ73 _bO4.3 |
|
| 100 | 1 | _aOlaizola, José Luis | |
| 245 | 1 | 3 |
_aEl cazador urbano / _cJosé Luis Olaizola. |
| 260 |
_aMadrid : _bBruño, _cc1997. |
||
| 300 |
_a169 p. : _bil. col. |
||
| 440 | 0 |
_aAltamar. _nNovela realista ; _v109 |
|
| 650 | 4 |
_aLiteratura infantil española _95892 |
|
| 650 | 0 |
_aRelación padres-hijos _91359 |
|
| 905 | _aInfantil | ||
| 999 |
_c142075 _d142075 |
||